Studies in the lives of David and Solomon / (Record no. 7793)
[ view plain ]
| 000 -LEADER | |
|---|---|
| fixed length control field | 00970cam a22003014a 4500 |
| 001 - CONTROL NUMBER | |
| control field | 12035319 |
| 003 - CONTROL NUMBER IDENTIFIER | |
| control field | OSt |
| 005 - DATE AND TIME OF LATEST TRANSACTION | |
| control field | 20190310190512.0 |
| 008 - FIXED-LENGTH DATA ELEMENTS--GENERAL INFORMATION | |
| fixed length control field | 000609s1991 paua 000 0ceng |
| 010 ## - LIBRARY OF CONGRESS CONTROL NUMBER | |
| LC control number | 00268083 |
| 020 ## - INTERNATIONAL STANDARD BOOK NUMBER | |
| International Standard Book Number | 0963083708 |
| 040 ## - CATALOGING SOURCE | |
| Original cataloging agency | DLC |
| Transcribing agency | DLC |
| Modifying agency | DLC |
| 042 ## - AUTHENTICATION CODE | |
| Authentication code | pcc |
| 043 ## - GEOGRAPHIC AREA CODE | |
| Geographic area code | a-is--- |
| 050 00 - LIBRARY OF CONGRESS CALL NUMBER | |
| Classification number | BS580.D3 |
| Item number | B214 1991 |
| 082 ## - DEWEY DECIMAL CLASSIFICATION NUMBER | |
| Classification number | 221.95 |
| Item number | B154s |
| 100 1# - MAIN ENTRY--PERSONAL NAME | |
| Personal name | Bailey, Brian, |
| Dates associated with a name | 1925- |
| 245 10 - TITLE STATEMENT | |
| Title | Studies in the lives of David and Solomon / |
| Statement of responsibility, etc. | by Brian Bailey. |
| 246 1# - VARYING FORM OF TITLE | |
| Display text | Other title information from cover: |
| Title proper/short title | Old Testamant truths brought forth in New Testament reality |
| 260 ## - PUBLICATION, DISTRIBUTION, ETC. | |
| Place of publication, distribution, etc. | Coudersport, PA. : |
| Name of publisher, distributor, etc. | Leader Pub. Co., |
| Date of publication, distribution, etc. | c1991. |
| 300 ## - PHYSICAL DESCRIPTION | |
| Extent | 76p. : |
| Other physical details | ill. ; |
| Dimensions | 28 cm. |
| 600 00 - SUBJECT ADDED ENTRY--PERSONAL NAME | |
| Personal name | David, |
| Titles and other words associated with a name | King of Israel. |
| 600 00 - SUBJECT ADDED ENTRY--PERSONAL NAME | |
| Personal name | Solomon, |
| Titles and other words associated with a name | King of Israel. |
| 651 #0 - SUBJECT ADDED ENTRY--GEOGRAPHIC NAME | |
| Geographic name | Palestine |
| General subdivision | Kings and rulers |
| Form subdivision | Biography. |
| 906 ## - LOCAL DATA ELEMENT F, LDF (RLIN) | |
| a | 7 |
| b | cbc |
| c | orignew |
| d | 2 |
| e | ncip |
| f | 20 |
| g | y-gencatlg |
| 942 ## - ADDED ENTRY ELEMENTS (KOHA) | |
| Source of classification or shelving scheme | Dewey Decimal Classification |
| Koha item type | Books |
| Withdrawn status | Lost status | Source of classification or shelving scheme | Damaged status | Not for loan | Collection code | Home library | Current library | Shelving location | Date acquired | Cost, normal purchase price | Total Checkouts | Full call number | Barcode | Date last seen | Price effective from | Koha item type |
|---|---|---|---|---|---|---|---|---|---|---|---|---|---|---|---|---|
| Dewey Decimal Classification | Non-fiction | Harvest Mission College | Harvest Mission College | General Stacks | 10.03.2019 | 120.00 | 221.95 B154s | 009017 | 10.03.2019 | 10.03.2019 | Books | |||||
| Dewey Decimal Classification | Non-fiction | Harvest Mission College | Harvest Mission College | General Stacks | 10.03.2019 | 120.00 | 221.95 B154s | 009011 | 10.03.2019 | 10.03.2019 | Books |
